[Event "Europa tch 2011 femenino"]
[Site "Porto Carras"]
[Date "2011.11.07"]
[Round "5.2"]
[White "Szczepkowska-H., Karina"]
[Black "Collas, Silvia"]
[Result "1-0"]
[WhiteElo "2379"]
[BlackElo "2287"]
[PlyCount "87"]
[EventDate "2011.11.03"]
[EventType "team"]
[EventRounds "9"]
[EventCountry "GRE"]
[Source "lmi"]
[SourceDate "2011.11.03"]
[WhiteTeamCountry "NED"]
[BlackTeamCountry "GRE"]

1. e4 c5 2. Nf3 Nc6 3. d4 cxd4 4. Nxd4 g6 5. Be2 Bg7 6. Nb3 Nf6 7. Nc3 O-O 8.
O-O a5 9. a4 d6 10. Re1 b6 11. Bg5 h6 12. Bh4 Bb7 13. Bb5 Nb4 14. f3 Rc8 15.
Qd2 Bc6 16. Bf1 g5 17. Bf2 e5 18. Nc1 Nd7 19. N3e2 Bxe4 20. fxe4 Nxc2 21. Nb3
Nxa1 22. Rxa1 Nc5 23. Nxc5 dxc5 24. Qc2 Rc6 25. Ng3 Rd6 26. Be3 Qa8 27. Bc4
Rfd8 28. Nf5 R6d7 29. Rf1 Bf8 30. Ng3 Qb7 31. Qe2 Bg7 32. Qf3 Rf8 33. Nf5 Qc6
34. Bb5 Qe6 35. Bxd7 Qxd7 36. Nxg7 Kxg7 37. Qf6+ Kh7 38. Qxb6 Qxa4 39. Bxc5 Rg8
40. Qb7 Rg7 41. Qd5 f6 42. Bf8 Rd7 43. Qe6 Qd4+ 44. Kh1 1-0

[Event "Europa tch 2011 femenino"]
[Site "Porto Carras"]
[Date "2011.11.07"]
[Round "5.2"]
[White "Zawadzka, Jolanta"]
[Black "Maisuradze, Nino"]
[Result "1/2-1/2"]
[WhiteElo "2326"]
[BlackElo "2315"]
[PlyCount "79"]
[EventDate "2011.11.03"]
[EventType "team"]
[EventRounds "9"]
[EventCountry "GRE"]
[Source "lmi"]
[SourceDate "2011.11.03"]
[WhiteTeamCountry "NED"]
[BlackTeamCountry "GRE"]

1. e4 c5 2. Nf3 Nc6 3. d4 cxd4 4. Nxd4 e5 5. Nb5 d6 6. N1c3 a6 7. Na3 Be7 8.
Nc4 b5 9. Ne3 Nf6 10. Bd3 O-O 11. O-O Nb4 12. a3 Nxd3 13. Qxd3 Be6 14. Rd1 Rc8
15. Bd2 Qc7 16. Rac1 Qb7 17. Be1 Rfd8 18. f3 Rd7 19. Kh1 Bd8 20. Qe2 Bb6 21.
Ncd5 Bxd5 22. Nxd5 Nxd5 23. Rxd5 Bd4 24. c3 Rc5 25. Qc2 h6 26. Rxc5 Bxc5 27.
Bg3 d5 28. exd5 Qxd5 29. Re1 Qd2 30. Qf5 Bf2 31. Bxf2 Qxf2 32. Rg1 Rd8 33. Qxe5
Qxb2 34. Qc5 Qc2 35. h3 g6 36. Qb6 Rd1 37. Qxa6 Rxg1+ 38. Kxg1 Qd1+ 39. Kf2
Qd2+ 40. Kg1 1/2-1/2

[Event "Europa tch 2011 femenino"]
[Site "Porto Carras"]
[Date "2011.11.07"]
[Round "5.3"]
[White "Cosma, Elena-Luminita"]
[Black "Ushenina, Anna"]
[Result "0-1"]
[WhiteElo "2335"]
[BlackElo "2463"]
[PlyCount "64"]
[EventDate "2011.11.03"]
[EventType "team"]
[EventRounds "9"]
[EventCountry "GRE"]
[Source "lmi"]
[SourceDate "2011.11.03"]
[WhiteTeamCountry "NED"]
[BlackTeamCountry "GRE"]

1. d4 d6 2. e4 Nf6 3. Nc3 g6 4. Nf3 Bg7 5. h3 O-O 6. Be3 c6 7. a4 a5 8. Qd2 Na6
9. Bc4 Nc7 10. Bh6 b5 11. Bxg7 Kxg7 12. Bd3 b4 13. Ne2 c5 14. e5 Nfd5 15. O-O
Bb7 16. dxc5 dxc5 17. Ng3 Qc8 18. Rfd1 Ne6 19. Be4 Rd8 20. Qe1 Bc6 21. c4 bxc3
22. bxc3 Qc7 23. h4 h5 24. Bc2 Rab8 25. Ne4 Rb2 26. Rdc1 Qb7 27. Rab1 Ndf4 28.
g3 Nd3 29. Bxd3 Rxd3 30. Rxb2 Qxb2 31. Neg5 Bxf3 32. Nxf3 Rxf3 0-1

[Event "Europa tch 2011 femenino"]
[Site "Porto Carras"]
[Date "2011.11.07"]
[Round "5.3"]
[White "Foisor, Cristina-Adela"]
[Black "Lahno, Kateryna"]
[Result "1/2-1/2"]
[WhiteElo "2418"]
[BlackElo "2549"]
[PlyCount "84"]
[EventDate "2011.11.03"]
[EventType "team"]
[EventRounds "9"]
[EventCountry "GRE"]
[Source "lmi"]
[SourceDate "2011.11.03"]
[WhiteTeamCountry "NED"]
[BlackTeamCountry "GRE"]

1. c4 g6 2. Nc3 c5 3. g3 Bg7 4. Bg2 Nc6 5. a3 d6 6. Rb1 e6 7. d3 Nge7 8. e4 b6
9. Nge2 Bb7 10. b4 Qd7 11. O-O O-O 12. b5 Nd4 13. Nxd4 cxd4 14. Ne2 d5 15. cxd5
exd5 16. Nf4 Rfd8 17. Qb3 Rac8 18. Bh3 f5 19. Bd2 Rc3 20. Bxc3 dxc3 21. Bg2 Kh8
22. Nxd5 Nxd5 23. exd5 Bxd5 24. Bxd5 Qxd5 25. Qxd5 Rxd5 26. Rfc1 Rxd3 27. Rc2
Kg8 28. Kf1 Kf7 29. Ke2 Rd5 30. f4 Ke6 31. a4 Kd6 32. Rd1 Bd4 33. h3 Kc5 34.
Rd3 Kc4 35. Rc1 h5 36. h4 a6 37. bxa6 Ra5 38. Rcd1 Bc5 39. Rc1 Bd4 40. Rcd1 Bc5
41. Rc1 Bb4 42. Ke3 Bc5+ 1/2-1/2

[Event "Europa tch 2011 femenino"]
[Site "Porto Carras"]
[Date "2011.11.07"]
[Round "5.3"]
[White "Gaponenko, Inna"]
[Black "Bulmaga, Irina"]
[Result "1/2-1/2"]
[WhiteElo "2435"]
[BlackElo "2334"]
[PlyCount "63"]
[EventDate "2011.11.03"]
[EventType "team"]
[EventRounds "9"]
[EventCountry "GRE"]
[Source "lmi"]
[SourceDate "2011.11.03"]
[WhiteTeamCountry "NED"]
[BlackTeamCountry "GRE"]

1. e4 c6 2. d4 d5 3. exd5 cxd5 4. c4 Nf6 5. Nc3 e6 6. Nf3 Bb4 7. cxd5 Nxd5 8.
Qc2 Nc6 9. a3 Ba5 10. Bd3 h6 11. O-O O-O 12. Rd1 Nce7 13. Bh7+ Kh8 14. Be4 Bd7
15. Bxd5 Nxd5 16. Nxd5 exd5 17. Ne5 Be6 18. Bd2 Bb6 19. Bb4 Re8 20. Rac1 Rc8
21. Qd3 Kg8 22. h3 a6 23. Re1 Qf6 24. Rxc8 Rxc8 25. Bc3 Bc7 26. Qe3 g5 27. Rf1
Bxe5 28. Qxe5 Qxe5 29. dxe5 Rc4 30. Rd1 Kg7 31. Rd4 Rxd4 32. Bxd4 1/2-1/2

[Event "Europa tch 2011 femenino"]
[Site "Porto Carras"]
[Date "2011.11.07"]
[Round "5.3"]
[White "Zhukova, Natalia"]
[Black "L'ami, Alina"]
[Result "1-0"]
[WhiteElo "2427"]
[BlackElo "2364"]
[PlyCount "57"]
[EventDate "2011.11.03"]
[EventType "team"]
[EventRounds "9"]
[EventCountry "GRE"]
[Source "lmi"]
[SourceDate "2011.11.03"]
[WhiteTeamCountry "NED"]
[BlackTeamCountry "GRE"]

1. d4 Nf6 2. c4 g6 3. Nc3 Bg7 4. Nf3 O-O 5. Bf4 d6 6. e3 Nbd7 7. h3 c5 8. Be2
a6 9. O-O b6 10. Re1 Bb7 11. d5 b5 12. cxb5 Qa5 13. e4 axb5 14. Bxb5 Ba6 15. a4
Bxb5 16. Nxb5 Rfc8 17. Bd2 Qa6 18. Bc3 Nb6 19. b3 c4 20. Nfd4 cxb3 21. Nc6 b2
22. Bxb2 Qb7 23. Bd4 Nxa4 24. Rxa4 Qxb5 25. Rb4 Qa6 26. Nxe7+ Kf8 27. Nxc8 Rxc8
28. Qb3 Nd7 29. Ra4 1-0

[Event "Europa tch 2011 femenino"]
[Site "Porto Carras"]
[Date "2011.11.07"]
[Round "5.4"]
[White "Kursova, Maria"]
[Black "Rozic, Vesna"]
[Result "0-1"]
[WhiteElo "2315"]
[BlackElo "2263"]
[PlyCount "78"]
[EventDate "2011.11.03"]
[EventType "team"]
[EventRounds "9"]
[EventCountry "GRE"]
[Source "lmi"]
[SourceDate "2011.11.03"]
[WhiteTeamCountry "NED"]
[BlackTeamCountry "GRE"]

1. d4 d5 2. Nf3 Nf6 3. c4 c6 4. e3 a6 5. Bd3 Bg4 6. Nbd2 e6 7. O-O Nbd7 8. b3
Bd6 9. Bb2 O-O 10. Qc2 Qb8 11. h3 Bh5 12. Ng5 Bg6 13. Bxg6 hxg6 14. Rad1 Re8
15. e4 Bh2+ 16. Kh1 Bf4 17. Ndf3 b5 18. Bc1 Bxc1 19. Rxc1 dxe4 20. Nxe4 bxc4
21. Nxf6+ gxf6 22. Qxc4 Rc8 23. Qd3 Qb5 24. Rfd1 a5 25. Rc4 a4 26. b4 a3 27.
Qc3 Nb6 28. Rc5 Na4 29. Qd2 Nxc5 30. dxc5 Kg7 31. Qc3 Rd8 32. Nd4 Qb7 33. Re1
e5 34. Nc2 Qa6 35. Ne3 Rd4 36. Ng4 Qd3 37. Qa1 Qd2 38. b5 Rxg4 39. hxg4 Qxf2
0-1

[Event "Europa tch 2011 femenino"]
[Site "Porto Carras"]
[Date "2011.11.07"]
[Round "5.4"]
[White "Mkrtchian, Lilit"]
[Black "Krivec, Jana"]
[Result "1-0"]
[WhiteElo "2469"]
[BlackElo "2291"]
[PlyCount "153"]
[EventDate "2011.11.03"]
[EventType "team"]
[EventRounds "9"]
[EventCountry "GRE"]
[Source "lmi"]
[SourceDate "2011.11.03"]
[WhiteTeamCountry "NED"]
[BlackTeamCountry "GRE"]

1. c4 e5 2. Nc3 Nf6 3. Nf3 Nc6 4. g3 d5 5. cxd5 Nxd5 6. Bg2 Nb6 7. O-O Be7 8.
a3 O-O 9. b4 a6 10. d3 Be6 11. Ne4 Bd5 12. Nc5 Nd4 13. Nxd4 Bxg2 14. Nde6 fxe6
15. Kxg2 Bxc5 16. bxc5 Qd5+ 17. e4 Qxc5 18. Qb3 Qd6 19. a4 Rfd8 20. a5 Nd7 21.
Ba3 c5 22. Rfc1 Rac8 23. Rab1 Rc7 24. Rc4 Rc6 25. Qc3 Qc7 26. Ra4 Rb8 27. Rc1
b5 28. axb6 Qxb6 29. Rc4 Rbc8 30. Qc2 Qc7 31. Ra4 Rb8 32. Ra1 Qd6 33. Bc1 Rb4
34. Be3 Rcb6 35. Ra5 R4b5 36. R5a3 Nb8 37. R1a2 Nd7 38. Qc1 Rb1 39. Qc3 Rd1 40.
Qc4 a5 41. Rc2 Rb4 42. Qc3 Rb5 43. Kf3 Rdb1 44. Rc1 Rxc1 45. Bxc1 Nb8 46. Be3
Nd7 47. Ke2 Qb6 48. Bd2 Rb4 49. Qc1 Rb1 50. Qc4 Rb2 51. Ra2 Kf7 52. Qa4 Rxa2
53. Qxa2 Ke7 54. Bxa5 Qb5 55. Bc3 Kd6 56. Kd2 Qb8 57. Qa6+ Ke7 58. Qa1 Qf8 59.
Ke2 Qf7 60. h4 Qh5+ 61. f3 g5 62. Qh1 g4 63. fxg4 Qxg4+ 64. Qf3 Qh3 65. Bd2 Kd6
66. Be3 Qh2+ 67. Bf2 Qh3 68. g4 Qh2 69. g5 Qf4 70. Bg3 Qc1 71. Be1 c4 72. dxc4
Nc5 73. Qf8+ Kc6 74. Qc8+ Kd6 75. Qb8+ Kc6 76. Qb5+ Kd6 77. Qb6+ 1-0

[Event "Europa tch 2011 femenino"]
[Site "Porto Carras"]
[Date "2011.11.07"]
[Round "5.4"]
[White "Muzychuk, Anna"]
[Black "Danielian, Elina"]
[Result "1-0"]
[WhiteElo "2557"]
[BlackElo "2507"]
[PlyCount "91"]
[EventDate "2011.11.03"]
[EventType "team"]
[EventRounds "9"]
[EventCountry "GRE"]
[Source "lmi"]
[SourceDate "2011.11.03"]
[WhiteTeamCountry "NED"]
[BlackTeamCountry "GRE"]

1. e4 c6 2. d4 d5 3. Nc3 dxe4 4. Nxe4 Bf5 5. Ng3 Bg6 6. h4 h6 7. Nf3 Nd7 8. h5
Bh7 9. Bd3 Bxd3 10. Qxd3 e6 11. Bd2 Ngf6 12. O-O-O Qc7 13. Ne4 O-O-O 14. g3 Nc5
15. Nxc5 Bxc5 16. c4 Bd6 17. Bc3 c5 18. d5 Ng4 19. Qc2 Rhe8 20. dxe6 fxe6 21.
Rh4 Nf6 22. Qg6 Rf8 23. Rhh1 Qf7 24. Ne5 Bxe5 25. Rxd8+ Kxd8 26. Bxe5 Qxg6 27.
hxg6 Ke7 28. Rd1 Ne8 29. f4 h5 30. Rd3 Rh8 31. Ra3 Rh6 32. Rxa7 Nd6 33. b4 Nxc4
34. Rxb7+ Ke8 35. Rxg7 Nxe5 36. fxe5 cxb4 37. Rg8+ Ke7 38. Kb2 h4 39. g7 Kf7
40. Rh8 Kxg7 41. Rxh6 Kxh6 42. gxh4 Kg6 43. Kb3 Kf5 44. Kxb4 Kxe5 45. a4 Kd5
46. h5 1-0

[Event "Europa tch 2011 femenino"]
[Site "Porto Carras"]
[Date "2011.11.07"]
[Round "5.4"]
[White "Srebrnic, Ana"]
[Black "Galojan, Lilit"]
[Result "0-1"]
[WhiteElo "2219"]
[BlackElo "2383"]
[PlyCount "62"]
[EventDate "2011.11.03"]
[EventType "team"]
[EventRounds "9"]
[EventCountry "GRE"]
[Source "lmi"]
[SourceDate "2011.11.03"]
[WhiteTeamCountry "NED"]
[BlackTeamCountry "GRE"]

1. c4 e5 2. Nc3 Nf6 3. g3 Nc6 4. Bg2 Bb4 5. Nd5 O-O 6. e3 Nxd5 7. cxd5 Ne7 8.
a3 Bd6 9. Ne2 c6 10. Nc3 b6 11. O-O Ba6 12. d3 Qc7 13. dxc6 dxc6 14. b4 Rad8
15. Qc2 Qc8 16. Bb2 Bb8 17. Rfd1 Qf5 18. Bf1 Rd6 19. e4 Qh5 20. Be2 Qh3 21. Bf1
Qh5 22. Be2 Qh3 23. Bf1 Qd7 24. a4 Rd8 25. b5 Bb7 26. Qb3 c5 27. Rac1 Rh6 28.
f3 Qd4+ 29. Kg2 Rxh2+ 30. Kxh2 Qf2+ 31. Bg2 Rd6 0-1

[Event "Europa tch 2011 femenino"]
[Site "Porto Carras"]
[Date "2011.11.07"]
[Round "5.5"]
[White "Chelushkina, Irina"]
[Black "Madl, Ildiko"]
[Result "1/2-1/2"]
[WhiteElo "2276"]
[BlackElo "2399"]
[PlyCount "55"]
[EventDate "2011.11.03"]
[EventType "team"]
[EventRounds "9"]
[EventCountry "GRE"]
[Source "lmi"]
[SourceDate "2011.11.03"]
[WhiteTeamCountry "NED"]
[BlackTeamCountry "GRE"]

1. e4 c5 2. b3 d6 3. Bb2 e5 4. f4 exf4 5. Nf3 Nc6 6. Bb5 Bg4 7. O-O Nge7 8. Nc3
Ng6 9. Nd5 a6 10. Be2 Be6 11. c4 Bxd5 12. exd5 Nce5 13. d4 cxd4 14. Bxd4 Be7
15. Rc1 O-O 16. b4 a5 17. a3 axb4 18. axb4 b6 19. Kh1 Nd7 20. Ng1 Bf6 21. Nh3
Bxd4 22. Qxd4 Ra4 23. Qd2 Re8 24. Bh5 Nde5 25. Bxg6 Nxg6 26. Rce1 Rxe1 27. Qxe1
Qc7 28. Nxf4 1/2-1/2

[Event "Europa tch 2011 femenino"]
[Site "Porto Carras"]
[Date "2011.11.07"]
[Round "5.5"]
[White "Hoang, Thanh Trang"]
[Black "Bojkovic, Natasa"]
[Result "0-1"]
[WhiteElo "2446"]
[BlackElo "2396"]
[PlyCount "70"]
[EventDate "2011.11.03"]
[EventType "team"]
[EventRounds "9"]
[EventCountry "GRE"]
[Source "lmi"]
[SourceDate "2011.11.03"]
[WhiteTeamCountry "NED"]
[BlackTeamCountry "GRE"]

1. d4 Nf6 2. Nf3 e6 3. Bf4 d5 4. e3 Bd6 5. Ne5 O-O 6. Nd2 c5 7. c3 Nc6 8. Bg3
Qc7 9. f4 Ne8 10. Bd3 f6 11. Nef3 f5 12. Bh4 Nf6 13. Ne5 Bd7 14. O-O Be8 15.
Be2 Qb6 16. Rb1 cxd4 17. cxd4 Rc8 18. Kh1 Ne7 19. Ndf3 Ne4 20. Qb3 Qxb3 21.
axb3 Bh5 22. Bb5 Nc6 23. Ra1 Bxf3 24. gxf3 Nd2 25. Bxc6 Bxe5 26. Bd7 Nxf1 27.
Bxe6+ Kh8 28. Bxc8 Nxe3 29. fxe5 Rxc8 30. Bf2 f4 31. Bxe3 fxe3 32. Re1 Rc2 33.
Rxe3 Kg8 34. Rc3 Rxc3 35. bxc3 a5 0-1

[Event "Europa tch 2011 femenino"]
[Site "Porto Carras"]
[Date "2011.11.07"]
[Round "5.5"]
[White "Rudolf, Anna"]
[Black "Drljevic, Ljilja"]
[Result "1-0"]
[WhiteElo "2347"]
[BlackElo "2273"]
[PlyCount "157"]
[EventDate "2011.11.03"]
[EventType "team"]
[EventRounds "9"]
[EventCountry "GRE"]
[Source "lmi"]
[SourceDate "2011.11.03"]
[WhiteTeamCountry "NED"]
[BlackTeamCountry "GRE"]

1. e4 g6 2. d4 c6 3. Nc3 Bg7 4. Bg5 d6 5. Qd2 b5 6. Nf3 b4 7. Ne2 h6 8. Be3 Nf6
9. Ng3 Ng4 10. Qxb4 Nxe3 11. fxe3 Nd7 12. Qd2 Rb8 13. b3 h5 14. Bd3 Nf6 15. h3
O-O 16. O-O e5 17. Rae1 Ng4 18. c3 Nf6 19. Rf2 Nh7 20. Qe2 Qe7 21. Bc4 Be6 22.
Bxe6 Qxe6 23. Qa6 Qe7 24. Qc4 h4 25. Nf1 Nf6 26. dxe5 Ne8 27. Qxc6 Bxe5 28.
Nxe5 Qxe5 29. Nd2 Nf6 30. Qc4 Nh5 31. Qd4 Ng3 32. Nc4 Qxe4 33. Nxd6 Qe7 34. e4
Rbd8 35. e5 Rfe8 36. Nxe8 Rxd4 37. Nf6+ Kg7 38. cxd4 Qb4 39. Rd1 Qc3 40. Nd5
Qa5 41. Ne3 Qc3 42. Nf1 Nf5 43. Rfd2 Kf8 44. Rd3 Qb2 45. R1d2 Qa1 46. Kf2 Ke8
47. d5 Kd8 48. Re2 Nd4 49. Re4 Nf5 50. Rd2 Qc3 51. Ke2 Qa1 52. d6 Kd7 53. b4
Qc3 54. b5 Qc5 55. a4 Qc3 56. Kf2 Qc5+ 57. Ne3 Ng3 58. Rxh4 Qxe5 59. Rdd4 g5
60. Rhg4 Nh1+ 61. Ke2 f5 62. Rd5 Ng3+ 63. Kf2 Ne4+ 64. Rxe4 Qxe4 65. Rxf5 Qxa4
66. Kf3 Qh4 67. Rf7+ Ke8 68. Re7+ Kd8 69. Ng4 Qh8 70. Ne5 Qf6+ 71. Ke2 Qxd6 72.
Rd7+ Qxd7 73. Nxd7 Kxd7 74. Kd3 Ke6 75. Ke4 Kf6 76. g3 Ke6 77. h4 Kf6 78. h5
Ke6 79. g4 1-0

[Event "Europa tch 2011 femenino"]
[Site "Porto Carras"]
[Date "2011.11.07"]
[Round "5.6"]
[White "Levushkina, Elena"]
[Black "Havlikova, Kristyna"]
[Result "1-0"]
[WhiteElo "2307"]
[BlackElo "2285"]
[PlyCount "101"]
[EventDate "2011.11.03"]
[EventType "team"]
[EventRounds "9"]
[EventCountry "GRE"]
[Source "lmi"]
[SourceDate "2011.11.03"]
[WhiteTeamCountry "NED"]
[BlackTeamCountry "GRE"]

1. e4 c5 2. c3 Nf6 3. e5 Nd5 4. d4 cxd4 5. Nf3 Nc6 6. cxd4 d6 7. Bc4 Nb6 8. Bb3
d5 9. Nh4 Nc4 10. Nc3 e6 11. Nf3 a6 12. O-O b5 13. a3 Be7 14. Bc2 Qa5 15. Ne2
Qb6 16. Ng3 g6 17. b3 N4a5 18. Bh6 Rg8 19. Qd2 Bd7 20. Rfd1 Rc8 21. Ra2 b4 22.
a4 Nd8 23. Ne2 Rc7 24. h4 Bc8 25. Bg5 h5 26. Bxe7 Rxe7 27. Rc1 Rc7 28. Ne1 Nac6
29. Bd3 a5 30. Rac2 Ba6 31. Bxa6 Qxa6 32. Nd3 Qb6 33. Rc5 Nb7 34. Rb5 Qa7 35.
Rc2 Kd7 36. Qf4 Ncd8 37. Nc5+ Nxc5 38. Rbxc5 Rxc5 39. dxc5 Rf8 40. Qh6 Re8 41.
Qf4 Re7 42. Nd4 Nc6 43. Nb5 Qb8 44. Nd6 Qh8 45. Qf6 Qf8 46. Rd2 Kc7 47. Rd3 Rd7
48. Kh2 Qd8 49. Qf4 Qh8 50. Re3 Qg7 51. Ne8+ 1-0

[Event "Europa tch 2011 femenino"]
[Site "Porto Carras"]
[Date "2011.11.07"]
[Round "5.6"]
[White "Nemcova, Katerina"]
[Black "Michna, Marta"]
[Result "1-0"]
[WhiteElo "2276"]
[BlackElo "2382"]
[PlyCount "69"]
[EventDate "2011.11.03"]
[EventType "team"]
[EventRounds "9"]
[EventCountry "GRE"]
[Source "lmi"]
[SourceDate "2011.11.03"]
[WhiteTeamCountry "NED"]
[BlackTeamCountry "GRE"]

1. e4 e6 2. d4 d5 3. Nc3 Be7 4. Be3 dxe4 5. Nxe4 Nf6 6. Nxf6+ Bxf6 7. Nf3 c5 8.
c3 cxd4 9. Nxd4 O-O 10. Be2 Bd7 11. O-O Qc7 12. Qc2 Bxd4 13. Bxd4 Bc6 14. Rad1
Nd7 15. Bd3 h6 16. f4 Rfe8 17. Qf2 Nf6 18. Qg3 Kh8 19. Kh1 Rad8 20. Bb1 b6 21.
Bd3 Qb7 22. Be2 Qe7 23. Rfe1 Qf8 24. Bf3 Bxf3 25. Qxf3 Ng8 26. Qh3 Qe7 27. Rd3
Rd5 28. Bxg7+ Kxg7 29. Rxd5 Qf6 30. Qg3+ Kh8 31. Rd7 Ne7 32. Qe3 Qh4 33. Qd4+
Kg8 34. g3 Qh5 35. Rxe7 1-0

[Event "Europa tch 2011 femenino"]
[Site "Porto Carras"]
[Date "2011.11.07"]
[Round "5.6"]
[White "Olsarova, Tereza"]
[Black "Hoolt, Sarah"]
[Result "1-0"]
[WhiteElo "2232"]
[BlackElo "2286"]
[PlyCount "89"]
[EventDate "2011.11.03"]
[EventType "team"]
[EventRounds "9"]
[EventCountry "GRE"]
[Source "lmi"]
[SourceDate "2011.11.03"]
[WhiteTeamCountry "NED"]
[BlackTeamCountry "GRE"]

1. e4 c5 2. Nf3 Nf6 3. e5 Nd5 4. Nc3 Nxc3 5. bxc3 d5 6. d4 Nc6 7. h3 Bf5 8. Be2
Qa5 9. Bd2 Qa4 10. O-O Bxc2 11. Qc1 e6 12. Qb2 c4 13. Rfc1 Bg6 14. Bd1 Qa6 15.
a4 Be7 16. Ra2 Na5 17. Bg5 Bxg5 18. Nxg5 O-O 19. f4 Rac8 20. g4 f6 21. Nf3 fxe5
22. f5 exf5 23. Nxe5 fxg4 24. Bxg4 Bf5 25. Bf3 Bxh3 26. Bxd5+ Be6 27. Qg2 Rcd8
28. Be4 Qd6 29. Qg5 Bd5 30. Bxh7+ Kxh7 31. Rh2+ Kg8 32. Ng6 Qxh2+ 33. Kxh2 Rf2+
34. Kh3 Nc6 35. Nf4 Bf7 36. Rg1 Rf3+ 37. Kh4 Rxf4+ 38. Qxf4 Rd5 39. Rg5 Rxg5
40. Kxg5 a6 41. Qc7 Bd5 42. Qd7 Bg2 43. d5 Bxd5 44. Qxd5+ Kf8 45. Qd7 1-0

[Event "Europa tch 2011 femenino"]
[Site "Porto Carras"]
[Date "2011.11.07"]
[Round "5.6"]
[White "Paehtz, Elisabeth"]
[Black "Kulovana, Eva"]
[Result "1/2-1/2"]
[WhiteElo "2457"]
[BlackElo "2297"]
[PlyCount "142"]
[EventDate "2011.11.03"]
[EventType "team"]
[EventRounds "9"]
[EventCountry "GRE"]
[Source "lmi"]
[SourceDate "2011.11.03"]
[WhiteTeamCountry "NED"]
[BlackTeamCountry "GRE"]

1. Nf3 d5 2. d4 Nf6 3. c4 c6 4. Qb3 dxc4 5. Qxc4 Bf5 6. g3 e6 7. Bg2 Nbd7 8.
O-O Be7 9. e3 O-O 10. Rd1 Qa5 11. Qe2 Bxb1 12. Bd2 Bb4 13. Bxb4 Qxb4 14. Raxb1
Rac8 15. a3 Qa5 16. Rbc1 Qh5 17. h3 h6 18. b4 a6 19. Qc2 Qb5 20. Nd2 Qb6 21.
Nc4 Qc7 22. e4 Nb6 23. Ne3 Qd7 24. Qc5 Qd8 25. Qc2 Qd7 26. Qb3 Rfd8 27. a4 Qe7
28. Ra1 Ra8 29. Qc3 Rdc8 30. Rdc1 Qd8 31. Kh2 Qe8 32. f4 Kh8 33. Re1 Qe7 34. f5
Qe8 35. fxe6 fxe6 36. Qc5 Qd8 37. Qe5 Qe8 38. Qc5 Qd8 39. Rf1 Nbd7 40. Qd6 Nf8
41. Nc4 Qc7 42. Qf4 Ng6 43. Qe3 b5 44. axb5 cxb5 45. Nb2 e5 46. d5 Qd6 47. Nd3
Rc4 48. Nc5 Rxb4 49. Ne6 Kh7 50. Rac1 Rc4 51. Rxc4 bxc4 52. Rc1 Qb4 53. Qc5
Qxc5 54. Nxc5 Rc8 55. Na4 h5 56. Nb6 Rb8 57. Nxc4 h4 58. d6 hxg3+ 59. Kxg3 Rb3+
60. Kh2 Rd3 61. Rc2 Rd4 62. Kg3 Nf4 63. Bf3 Nxe4+ 64. Bxe4+ Rxe4 65. d7 Ne6 66.
Nb6 Rd4 67. Rc6 Nf8 68. Rc7 a5 69. Ra7 Rd6 70. Rxa5 Nxd7 71. Nxd7 Rxd7 1/2-1/2

[Event "Europa tch 2011 femenino"]
[Site "Porto Carras"]
[Date "2011.11.07"]
[Round "5.7"]
[White "Botsari, Anna-Maria"]
[Black "Videnova, Iva"]
[Result "0-1"]
[WhiteElo "2313"]
[BlackElo "2297"]
[PlyCount "110"]
[EventDate "2011.11.03"]
[EventType "team"]
[EventRounds "9"]
[EventCountry "GRE"]
[Source "lmi"]
[SourceDate "2011.11.03"]
[WhiteTeamCountry "NED"]
[BlackTeamCountry "GRE"]

1. d4 Nf6 2. c4 e6 3. Nc3 Bb4 4. Nf3 b6 5. Qc2 Bb7 6. a3 Bxc3+ 7. Qxc3 d6 8.
Bg5 Nbd7 9. Nd2 Qe7 10. f3 e5 11. e4 h6 12. Be3 c5 13. d5 Nf8 14. Be2 Rg8 15.
b4 g5 16. bxc5 dxc5 17. a4 a5 18. Rb1 N6d7 19. O-O Ng6 20. Rfd1 Nf4 21. Bf1 h5
22. g3 h4 23. gxf4 gxf4+ 24. Kh1 fxe3 25. Qxe3 Rg6 26. Bh3 O-O-O 27. Bf5 Rd6
28. Rb5 Kc7 29. Rdb1 Ba6 30. Bxd7 Bxb5 31. Bxb5 Rg8 32. Bc6 Rdg6 33. Nb3 Qg5
34. Qxg5 Rxg5 35. Rd1 Rg2 36. Nc1 h3 37. Nd3 Kd6 38. f4 f6 39. fxe5+ fxe5 40.
Rf1 Rd2 41. Ne1 Rd1 42. Rf6+ Ke7 43. Rf1 Rg2 44. Rg1 Rxg1+ 45. Kxg1 Rxe1+ 46.
Kf2 Rc1 47. Bb5 Rc3 48. Ba6 Kf6 49. Bb5 Rd3 50. Ba6 Kg5 51. Bc8 Kf4 52. Ke2 Rd4
53. Bxh3 Rxe4+ 54. Kd2 Rxc4 55. Be6 Rxa4 0-1

[Event "Europa tch 2011 femenino"]
[Site "Porto Carras"]
[Date "2011.11.07"]
[Round "5.7"]
[White "Pavlidou, Ekaterini"]
[Black "Djingarova, Emilia"]
[Result "1-0"]
[WhiteElo "2176"]
[BlackElo "2309"]
[PlyCount "83"]
[EventDate "2011.11.03"]
[EventType "team"]
[EventRounds "9"]
[EventCountry "GRE"]
[Source "lmi"]
[SourceDate "2011.11.03"]
[WhiteTeamCountry "NED"]
[BlackTeamCountry "GRE"]

1. d4 Nf6 2. c4 c5 3. d5 g6 4. Nc3 Bg7 5. e4 d6 6. h3 O-O 7. Nf3 e6 8. Bd3 Na6
9. O-O Nc7 10. Re1 Rb8 11. a3 exd5 12. cxd5 b5 13. Bf4 Rb6 14. Rc1 a5 15. Bb1
Nd7 16. Bg5 f6 17. Be3 Rb8 18. b4 Na6 19. bxc5 Ndxc5 20. Nd4 Bd7 21. Nc6 Bxc6
22. dxc6 b4 23. axb4 axb4 24. Na4 b3 25. Qd5+ Rf7 26. Nxc5 dxc5 27. Bd3 b2 28.
Rb1 Qb6 29. Bc4 Rbf8 30. Qd7 Nb8 31. Qb7 Qb4 32. Qxb4 cxb4 33. c7 Nc6 34. Be6
f5 35. exf5 gxf5 36. Bc5 Ra8 37. c8=Q+ Rxc8 38. Bxc8 Bc3 39. Be6 Na5 40. Red1
Kg7 41. Bxf7 Kxf7 42. Bxb4 1-0

[Event "Europa tch 2011 femenino"]
[Site "Porto Carras"]
[Date "2011.11.07"]
[Round "5.7"]
[White "Voiska, Margarita"]
[Black "Makropoulou, Marina"]
[Result "1/2-1/2"]
[WhiteElo "2328"]
[BlackElo "2201"]
[PlyCount "60"]
[EventDate "2011.11.03"]
[EventType "team"]
[EventRounds "9"]
[EventCountry "GRE"]
[Source "lmi"]
[SourceDate "2011.11.03"]
[WhiteTeamCountry "NED"]
[BlackTeamCountry "GRE"]

1. d4 Nf6 2. Nf3 e6 3. e3 d5 4. c4 a6 5. b3 Bb4+ 6. Nbd2 c5 7. Bd3 Nc6 8. Bb2
O-O 9. O-O cxd4 10. exd4 b6 11. Ne5 Bb7 12. Ndf3 Be7 13. Rc1 Rc8 14. Qe2 dxc4
15. bxc4 Nxe5 16. Nxe5 Bb4 17. f4 Qe7 18. f5 Ba3 19. fxe6 fxe6 20. Rb1 Bxb2 21.
Qxb2 b5 22. cxb5 axb5 23. Qxb5 Bd5 24. a4 Qa7 25. Qb4 Rb8 26. Qc5 Qxa4 27. Rxb8
Rxb8 28. Bc4 Bxc4 29. Nxc4 Rd8 30. Qe7 Qd7 1/2-1/2

[Event "Europa tch 2011 femenino"]
[Site "Porto Carras"]
[Date "2011.11.07"]
[Round "5.8"]
[White "Alexandrova, Olga"]
[Black "Schut, Lisa"]
[Result "1/2-1/2"]
[WhiteElo "2423"]
[BlackElo "2284"]
[PlyCount "51"]
[EventDate "2011.11.03"]
[EventType "team"]
[EventRounds "9"]
[EventCountry "GRE"]
[Source "lmi"]
[SourceDate "2011.11.03"]
[WhiteTeamCountry "NED"]
[BlackTeamCountry "GRE"]

1. d4 Nf6 2. c4 g6 3. Nc3 d5 4. cxd5 Nxd5 5. Bd2 Nb6 6. Bg5 Bg7 7. e3 c5 8.
dxc5 Bxc3+ 9. bxc3 Qxd1+ 10. Rxd1 N6d7 11. Bb5 Nc6 12. Rd5 f6 13. Bh6 e6 14.
Rd2 Ke7 15. e4 Nxc5 16. f3 Bd7 17. Be3 b6 18. Ne2 Ne5 19. Bxc5+ bxc5 20. Bxd7
Nxd7 21. Kf2 Nb6 22. Rhd1 Rhd8 23. Nf4 Rxd2+ 24. Rxd2 Nc4 25. Rd1 Rb8 26. Re1
1/2-1/2